Matchs d'ouverture des Coupes du Monde de football - Statistiques

Statistiques générales
  • Ce quiz a été pris 148 fois
  • Le résultat moyen est 28 sur 36
Statistiques - réponses
Années Pays Scores finaux % Correct
2002 France 0-1
99%
1970 Union Soviétique 0-0
98%
1950 Brésil 4-0
97%
1974 Brésil 0-0
97%
1998 Brésil 2-1
97%
2014 Brésil 3-1
97%
2022 Qatar 0-2
97%
2018 Russie 5-0
97%
1938 Allemagne 1-1
94%
1994 Allemagne 1-0
94%
2006 Allemagne 4-2
94%
1978 Allemagne de l'Ouest 0-0
94%
1966 Uruguay 0-0
88%
1986 Italie 1-1
87%
2010 Afrique du Sud 1-1
86%
1970 Mexique 0-0
85%
1950 Mexique 4-0
85%
1958 Mexique 3-0
85%
2010 Mexique 1-1
85%
1982 Argentine 0-1
84%
1990 Argentine 0-1
84%
1966 Angleterre 0-0
83%
2022 Équateur 0-2
77%
2018 Arabie Saoudite 5-0
75%
2002 Sénégal 0-1
73%
1958 Suède 3-0
72%
2014 Croatie 3-1
70%
1938 Suisse 1-1
63%
1982 Belgique 0-1
60%
1978 Pologne 0-0
53%
1990 Cameroun 0-1
52%
1998 Écosse 2-1
48%
1974 Yougoslavie 0-0
45%
2006 Costa Rica 4-2
41%
1986 Bulgarie 1-1
36%
1994 Bolivie 1-0
29%
Aucun quiz correspondant
Distribution des résultats
% des personnes avec chaque résultat
Percentile par nombre de réponses
Votre historique - résultats
Vous n’avez pas pris ce quiz